| 000 | 00723cam a2200229 a 4500 | ||
|---|---|---|---|
| 001 | 000034603 | ||
| 005 | 20200930073806.0 | ||
| 008 | 781018s2010 mx 000 f spa d | ||
| 020 | _a9789707490086 | ||
| 040 |
_aDO-SdBNP _bspa _cBNPHU _dBNPHU |
||
| 082 |
_axxxx _bS113t |
||
| 100 | 1 |
_aSábato, Ernesto, _d1911- _922674 |
|
| 245 | 1 | 3 |
_aEl túnel / _cErnesto Sábato. |
| 260 |
_aMéxico : _bEditorial Planeta Mexicana : _bSeix Barral, _c2010. |
||
| 300 |
_a159 p. ; _c19 cm. |
||
| 490 | 1 | _aBiblioteca Ernesto Sábato novela | |
| 500 | _aDecimo cuarta reimpresión 2010 | ||
| 650 | 4 |
_aNovela argentina _93941 |
|
| 650 | 4 |
_aLiteratura argentina _93860 |
|
| 830 | 0 |
_aBiblioteca Ernesto Sábato novela _960042 |
|
| 049 | _aBNGR | ||
| 999 |
_c34094 _d34094 |
||